| 000 | 00778nam a2200253 a 4500 | ||
|---|---|---|---|
| 999 |
_c360 _d360 |
||
| 001 | 19302 | ||
| 003 | BD-DhUAP | ||
| 005 | 20200122122950.0 | ||
| 008 | 090406r20101946ii a 001 0 eng d | ||
| 020 | _a0415325056 | ||
| 020 | _a9780415325059 | ||
| 040 |
_aDLC _cBD-DhUAP _bEng _dBD-DhUAP |
||
| 082 | 0 | 0 |
_a190.9 RUS _223 |
| 100 | _aRussell, Bertrand, | ||
| 245 | 1 | 0 |
_aHistory of Western philosophy / _cBertrand Russell. |
| 260 |
_aLondon : _bGeorge Allen & Unwin Ltd., _aNew York : _bRoutledge, _cc1996 [Reprinted 2010]. |
||
| 300 |
_axi, 778 pages : _billustrations ; _c22 cm. |
||
| 490 | 0 | _aRoutledge classics | |
| 500 | _aIncludes index. | ||
| 650 | 0 |
_aPhilosophy _xHistory. |
|
| 650 | 0 | _aSocial history. | |
| 942 |
_2ddc _cBK |
||